00370nam a2200133Ia 45000010005000000080041000050820021000461000019000672450077000862600022001635900007001859010029001929990015002212615241024s9999 xx 000 0 und d aRD/323/P762h/v,1 aVielka Polanco 0aHacia un plan nacional de educación en derechos humanos. Diagnóstico bUNESCO 2003c2003 asi a28/11/2012 11:53:54 a.m. c9780d9780